00861nam a2200229 a 450000100100000000500170001000800410002702000150006804000250008304100380010808200150014624000470016124501260020826000570033430000280039149000290041953400730044870000270052170000290054870000250057783000290060200002473820200930023335.0110203s1992 ag a r 000 | spa d a9506942552 aDO-SdBNPbspacBNPHU aenghspa2Código de idioma MARC axxxbC761c 0aContainment-concept and policy.lespañol10aContención :bconcepto y política /ccompilación Terry L. Deibel, John Lewis Gaddis ; traducción Mirta Rosenberg. aBuenos Aires :bGrupo Editor Latinoamericano,c1992. a459 p. :bil. ;c23 cm.1 aEstudios Internacionales aTítulo del original en inglés :tContainment-concept and policy.1 aTerry L. Deibelecomp.1 aJohn Lewis Gaddisecomp.1 aMirta Rosenbergetr. 0aEstudios Internacionales